000 00572nam a2200229Ia 4500
005 20250425162346.0
008 250425s9999 xx 000 0 und d
020 _a9780312352066
041 _aeng
082 _a363.7384
100 _aHILLMAN, MAYER
245 0 _aHOW WE CAN SAVE THE PLANET
250 _a1ST ED.
260 _aEstados Unidos
_bTHOMAS DUNNE BOOKS
_c2007
260 _aNEW YORK
_bTHOMAS DUNNE BOOKS
300 _a322
650 _aCALENTAMIENTO GLOBAL
650 _aPOLITICA
710 _aTHOMAS DUNNE BOOKS
942 _c01
010 _a65469
999 _c227618
_d227618